000 00612cam a22002293a 4500
001 15523
003 PGUSA
005 20140828083330.0
008 050402s2005||||xxu|||||s|||||000 | eng d
040 _aPGUSA
_beng
042 _adc
050 4 _aD501
100 1 _aHay, Ian,
_d1876-1952
245 1 0 _aGetting Together
_h[electronic resource] /
_cIan Hay
260 _bProject Gutenberg,
_c2005
506 _aPublic domain in the USA.
516 _aElectronic text
653 _aWorld War, 1914-1918
830 0 _aProject Gutenberg
_v15523
856 4 0 _uhttp://www.gutenberg.org/ebooks/15523
942 _cEB
999 _c244778
_d244778